LIBRARY & INFORMATION CENTRE, KCAET, TAVANUR

ONLINE PUBLIC ACCESS CATALOGUE (OPAC)

Higher school revision mathematics / (Record no. 10874)

MARC details
000 -LEADER
fixed length control field 00412cam a2200157ua 4500
041 ## - LANGUAGE CODE
Language code of text/sound track or separate title eng
082 ## - DEWEY DECIMAL CLASSIFICATION NUMBER
Classification number 510.1
Item number CRO/HI
100 ## - MAIN ENTRY--AUTHOR NAME
Personal name Crosland, L .
245 ## - TITLE STATEMENT
Title Higher school revision mathematics /
250 ## - EDITION STATEMENT
Edition statement 1 /
260 ## - PUBLICATION, DISTRIBUTION, ETC. (IMPRINT)
Place of publication Melbourne,London :
Name of publisher MacMillan and Company Limited ,
Year of publication 1957.
300 ## - PHYSICAL DESCRIPTION
Number of Pages 164 ; .
942 ## - ADDED ENTRY ELEMENTS (KOHA)
Koha item type Books
Holdings
Withdrawn status Lost status Damaged status Home library Current library Date acquired Full call number Accession Number Koha item type
Withdrawn     KAUAET KAUAET 07/04/2012 510.1 5317 Books
free website counter